MARC

LEADER 00000nam0a2200000 4500
001 243018
005 20231101231933.0
035 |a (RuTPU)RU\TPU\book\264351 
090 |a 243018 
100 |a 20130913d1974 k y0rusy50 ca 
101 0 |a rus 
102 |a RU 
105 |a a z 001zy 
200 1 |a Сейсмичность и сейсмический прогноз, свойства верхней мантии и их связь с вулканизмом на Камчатке  |f Академия наук СССР (АН СССР), Дальневосточный научный центр (ДНЦ), Институт вулканологии (ИВ) ; Академия наук СССР (АН СССР), Институт физики Земли им. О. Ю. Шмидта (ИФЗ) ; под ред. С. А. Федотова 
210 |a Новосибирск  |c Наука  |d 1974 
215 |a 216 с.  |c ил. 
320 |a Библиография в конце частей. 
606 1 |a Сейсмическое прогнозирование  |2 stltpush  |3 (RuTPU)RU\TPU\subj\66535  |9 82621 
606 1 |a Вулканизм  |2 stltpush  |3 (RuTPU)RU\TPU\subj\3799  |9 32148 
610 1 |a Камчатка 
610 1 |a сейсмичность 
610 1 |a прогноз 
610 1 |a верхняя мантия 
610 1 |a свойства 
610 1 |a землетрясения 
675 |a 550.343  |v 3 
675 |a 551.21  |v 3 
702 1 |a Федотов  |b С. А.  |g Сергей Александрович  |4 340 
712 0 2 |a Академия наук СССР (АН СССР)  |b Дальневосточный научный центр (ДНЦ)  |b Институт вулканологии (ИВ)  |c (Петропавловск-Камчатский)  |2 stltpush  |3 (RuTPU)RU\TPU\col\11524 
712 0 2 |a Академия наук СССР (АН СССР)  |b Институт физики Земли им. О. Ю. Шмидта (ИФЗ)  |c (Москва)  |c (1956-1991)  |2 stltpush  |3 (RuTPU)RU\TPU\col\209 
801 1 |a RU  |b 63413507  |c 20130913 
801 2 |a RU  |b 63413507  |c 20131018  |g RCR 
942 |c BK